| 000 | 00604nam a22002417a 4500 | ||
|---|---|---|---|
| 003 | UA-OsUOA | ||
| 001 | 28699 | ||
| 007 | ta | ||
| 008 | 20050422b un ||||| |||| 00| 0 ukr d | ||
| 100 | _aКононенко Б. И. | ||
| 090 |
_a008(038)"654" _bК64 |
||
| 942 | _cBK | ||
| 040 |
_aUA-OsUOA _brus _cUA-OsUOA _dUA-OsUOA |
||
| 245 | _aБольшой словарь по культурологии | ||
| 300 | _a512 с. | ||
| 955 | _a0 | ||
| 041 | _arus | ||
| 080 | _a008(038)"654" | ||
| 260 |
_aМ. _bВече, АСТ _c2003 |
||
| 044 | _aRU | ||
| 650 | 7 | _2UDC | |
| 999 |
_c315070 _d315070 |
||